Welfare Effects of Electricity Transit

Modelovanie prepravy elektriny. Vyvážajúca krajina. Dovážajúca krajina. Tranzitná krajina. Model, ktorý zvažuje interakciu a prosperitu prepravy. Maximalizácia spojenia prosperity. Kapitálové náklady a efekty prosperity. Hľadanie optimálneho riešenia.

Gespeichert in:
Bibliographische Detailangaben
1. Verfasser: Luptáčik, Mikuláš
Weitere Verfasser: Otruba, Heinrich
Format: Buchkapitel
Sprache:Englisch
Schlagworte:
Tags: Tag hinzufügen
Keine Tags, Fügen Sie das erste Tag hinzu!

MARC

LEADER 00000naa a2200000 4500
001 0122783
005 20240502083314.2
041 0 |a eng 
044 |a TR 
245 1 0 |a Welfare Effects of Electricity Transit  |c Mikuláš Luptáčik, Heinrich Otruba 
520 |a Modelovanie prepravy elektriny. Vyvážajúca krajina. Dovážajúca krajina. Tranzitná krajina. Model, ktorý zvažuje interakciu a prosperitu prepravy. Maximalizácia spojenia prosperity. Kapitálové náklady a efekty prosperity. Hľadanie optimálneho riešenia. 
610 2 0 |a obchod zahraničný 
610 2 0 |a elektrina 
610 2 0 |a tranzit 
610 2 0 |a politika priemyselná 
610 2 0 |a efektívnosť 
610 2 0 |a modelovanie 
100 1 |a Luptáčik, Mikuláš 
700 1 |a Otruba, Heinrich